000 00869nac a22002531u 4500
010 _a 96041642
020 _a0135312450
082 0 0 _a658.45
_bBOO
090 _c7319
_d7319
100 _aBoone, Louis E.
245 1 0 _aContemporary business communication /
_cLouis E. Boone, David L. Kurtz, Judy R. Block.
250 _a2nd ed.
260 _aUpper Saddle River, N.J. :
_bPrentice Hall,1997
_cc1997.
300 _axxvi, 645 p. :
_bill. (some col.) ;
_c26 cm.
500 _adistributer: Al-Ahram
504 _aIncludes bibliographical references and index.
511 _acatalogued by: wessam
650 0 _aBusiness communication.
650 0 _aBusiness writing.
650 0 _aBusiness communication
_xCase studies.
700 1 _aKurtz, David L.
700 1 _aBlock, Judy Rachel,
_d1948-
942 _cBB
_k658.45BOO
999 _c7319
_d7319